000 00800nas a2200277 4500
001 BR9802039
003 BR-BrBNA
005 20231205101007.0
007 ta
008 230509b bl.|||p| |||| 00| 00por d
040 _aBR-BrBNA
_bpor
_cBiblioteca Nacional de Agricultura
041 _a(Pt)
072 _aF07
100 1 _aBayer, C.
100 1 _aMielniczuk, J.
100 1 _aPavinato, A.
245 1 _aSistemas de manejo do solo e seus efeitos sobre o rendimento do milho
650 _aMilho
650 _aManejo do Solo
650 _aCobertura do Solo
650 _aRecuperacao do Solo
650 _aRendimento
773 0 _tCiencia Rural (Brazil)
_xISSN 0103-8478
_g(Jan-Mar 1998), v. 28(1) p. 23-28
_wBR9802039
909 _a202311
_bLúcia
_c55
_dLúcia Elande
942 _2AGRIS
_n0
_cANA
999 _c159204
_d159204